Don Ignacio de Bolívar / (Record no. 115921)

MARC details
000 -LEADER
campo de control de longitud fija 00657nam a2200193 i 4500
001 - NÚMERO DE CONTROL
campo de control 115921
003 - IDENTIFICADOR DE NÚMERO DE CONTROL
campo de control ES-MaACL
005 - FECHA Y HORA DE LA ÚLTIMA TRANSACCIÓN
campo de control 20250928102058.0
007 - CAMPO FIJO DE DESCRIPCIÓN FÍSICA--INFORMACIÓN GENERAL
campo de control de longitud fija t|
008 - DATOS DE LONGITUD FIJA--INFORMACIÓN GENERAL
campo de control de longitud fija 061121s1949 sp r ||||1| spa d
100 1# - ENTRADA PRINCIPAL--NOMBRE DE PERSONA
Nombre de persona Pan, Ismael del.
9 (RLIN) 88740
245 10 - MENCIÓN DEL TÍTULO
Título Don Ignacio de Bolívar /
Mención de responsabilidad, etc. Ismael del Pan Fernández.
260 ## - PUBLICACIÓN, DISTRIBUCIÓN, ETC.
Lugar de publicación, distribución, etc. Madrid :
Nombre del editor, distribuidor, etc. [s.n.],
Fecha de publicación, distribución, etc. 1949.
300 ## - DESCRIPCIÓN FÍSICA
Extensión 6 h. 1 lám. ;
Dimensiones 24 cm.
500 ## - NOTA GENERAL
Nota general Es tirada aparte del Boletín de la Real Sociedad Española de Historia Natural. Tomo Extraordinario 1946. (Págs. 65-75)
600 14 - PUNTO DE ACCESO ADICIONAL DE MATERIA--NOMBRE DE PERSONA
Nombre de persona Bolívar, Ignacio,
Fechas asociadas al nombre 1850-1944
9 (RLIN) 29963
852 ## - LOCALIZACIÓN
Ubicación ES-MaACL
Número de control de estantería 1900-F-17
Sublocalización o colección R.28849
Holdings
Estatus retirado Estado de pérdida Estado de daño No para préstamo Colección Biblioteca de origen Biblioteca actual Ubicación en estantería Fecha de adquisición Fuente de adquisición Total de préstamos Signatura topográfica completa Código de barras Visto por última vez Precio de reemplazo Tipo de ítem Koha
        Colección de folletos Biblioteca del Ateneo de Madrid Biblioteca del Ateneo de Madrid Depósito folletos 17/01/2008     1900-F-17 1120885 23/02/2023 23/02/2023 Folleto